History Quiz

Random History or Clickable Quiz

Independence From Whom? II Quiz Stats

 Plays Quiz Updated Jan 25, 2015

Challenge
Share
Tweet
Embed
Score 0/12 Timer 01:30
0 Plays Today
% Correct
Yugoslavia
82%
Spain
80.2%
Soviet Union
68.8%
Brazilian Empire
61.2%
Federal Republic of Central America
60.7%
Ottoman Empire
58.8%
Belgium
58.5%
Portugal
52.5%
Gran Colombia
51.3%
France
47.5%
United Kingdom
46.6%
Netherlands
43.6%

You're not logged in!

Compare scores with friends on all Sporcle quizzes.
OR
Log In

You Might Also Like...

Show Comments

Extras

Top Quizzes Today


Score Distribution

Your Account Isn't Verified!

In order to create a playlist on Sporcle, you need to verify the email address you used during registration. Go to your Sporcle Settings to finish the process.

Report this User

Report this user for behavior that violates our Community Guidelines.

Details: